000 00608nam a22001455i 4500
001 171592
003 ES-MaACL
005 20230906214654.0
008 090521s1880 po |||| | por d
245 0 0 _aCatalogo de livros antigos e modernos
_b: alguns raros e preciosos que hao de ser vendidos em Leilao nos dias 14 de novembre e seguintes na rua do Alecrim, 53 /
_cpor intervençao do agente Casimiro Candido da Cunha.
260 _aLisboa :
_b[s.n.],
_c1880 (
_fTyp. de J. G. de Sousa Neves)
300 _a71 p. ;
_c19 cm.
700 1 _aCunha, Casimiro Candido da.
_942170
852 _aES-MaACL
_jT-368-F-10
999 _c171592
_d171592